000 00613nam a2200217 a 4500
001 19949
003 CO-ViMGA
008 141112s2004 ck r 000 u spa d
020 _a9583600814
040 _aCO-ViMGA
_bspa
_cCO-ViMGA
082 0 4 _a301.153 T673
100 1 _aTorres Restrepo, Camilo
_928962
245 1 0 _aEscritos politicos
260 _aBogotá :
_bAncora,
_c2002
300 _a138 p.
590 _aForma de adquisición : Premio Mincultura
650 1 4 _aCOLOMBIA - ASPECTOS SOCIALES
_98034
650 1 4 _aSOCIOLOGIA - COLOMBIA
_912706
650 1 4 _aVIOLENCIA - COLOMBIA
_917061
942 _2ddc
_cBK
999 _c29070
_d29070